000 00756nam a2200205Ia 4500
003 GCL
008 140319s9999 xx 000 0 ara d
040 _aGCL /
_cGCL
082 0 4 _a823.09
_bب ط
100 1 _aبكر عباس (ترجمة)
245 1 0 _aظلال المستقبل :
_bهـ . ج . ولذو القصص العلمى والنبوءة /
_cبكر عباس (ترجمة)
700 1 _aبارندر، بانرك
260 _aالقاهرة :
_bالمجلس الاعلى للثقافة ،
_c1997
300 _a219 ص ؛
_c24 سم
490 _aالمشروع القومى للترجمة
_v0
650 0 4 _aالادب
650 0 4 _aالقصص الانجليزية
650 0 4 _aالقصص العلمية الانجليزية
942 _2ddc
_cBK
999 _c52177
_d52177